TRAVELOG KUALA LUMPUR : (Record no. 184277)

MARC details
000 -LEADER
fixed length control field 00963nam a2200265 i 4500
003 - CONTROL NUMBER IDENTIFIER
control field OSt
005 - DATE AND TIME OF LATEST TRANSACTION
control field 20210726190913.0
008 - FIXED-LENGTH DATA ELEMENTS--GENERAL INFORMATION
fixed length control field 200212s2020 my ao g 000 0dmay
020 ## - INTERNATIONAL STANDARD BOOK NUMBER
International Standard Book Number 9789671855904
Qualifying information paperback
Terms of availability RM 30.00
040 ## - CATALOGING SOURCE
Original cataloging agency PPAK
Language of cataloging eng
Transcribing agency PPAK
Description conventions rda
082 04 - DEWEY DECIMAL CLASSIFICATION NUMBER
Classification number 915.95116
Edition number 23
090 00 - LOCALLY ASSIGNED LC-TYPE CALL NUMBER (OCLC); LOCAL CALL NUMBER (RLIN)
Classification number (OCLC) (R) ; Classification number, CALL (RLIN) (NR) 915.95116
Feature heading TRA
Feature heading G
245 00 - TITLE STATEMENT
Title TRAVELOG KUALA LUMPUR :
Remainder of title MENJEJAK SEJARAH DI KUALA LUMPUR /
Statement of responsibility, etc. PENYELARAS : NURUL SYAHIDA HASSAN.
264 #1 - PRODUCTION, PUBLICATION, DISTRIBUTION, MANUFACTURE, AND COPYRIGHT NOTICE
Place of production, publication, distribution, manufacture Shah Alam, Selangor :
Name of producer, publisher, distributor, manufacturer JURUGAMBARDOTCOM MEDIA,
Date of production, publication, distribution, manufacture, or copyright notice 2020
300 ## - PHYSICAL DESCRIPTION
Extent 138 pages :
Other physical details colour photographs ;
Dimensions 21 cm
336 ## - CONTENT TYPE
Content type term text
Source rdacontent
Content type term still image
Source rdacontent
337 ## - MEDIA TYPE
Media type term unmediated
Source rdamedia
338 ## - CARRIER TYPE
Carrier type term volume
Source rdacarrier
650 #0 - SUBJECT ADDED ENTRY--TOPICAL TERM
Topical term or geographic name entry element Travelers' writings, Malaysian.
Topical term or geographic name entry element Travel writing
Form subdivision Anecdotes.
651 #0 - SUBJECT ADDED ENTRY--GEOGRAPHIC NAME
Geographic name Kuala Lumpur (Wilayah Persekutuan, Malaysia)
General subdivision Description and travel.
Geographic name Kuala Lumpur (Wilayah Persekutuan, Malaysia)
General subdivision History.
942 ## - ADDED ENTRY ELEMENTS (KOHA)
Source of classification or shelving scheme Dewey Decimal Classification
Koha item type Book
Holdings
Withdrawn Not for loan Current library Shelving location Date acquired Full call number Barcode Date last seen Koha item type
    Perpustakaan Alor Setar Pinjaman Dewasa 24/08/2021 915.95116 TRA A01706450 24/08/2021 Book
    Perpustakaan Awam Sungai Petani Pinjaman Dewasa 24/08/2021 915.95116 TRA A01706451 24/08/2021 Book
    Perpustakaan Baling Pinjaman Dewasa 24/08/2021 915.95116 TRA A01706455 24/08/2021 Book
    Perpustakaan Jitra Pinjaman Dewasa 24/08/2021 915.95116 TRA A01706452 24/08/2021 Book
    Perpustakaan Kulim Pinjaman Dewasa 24/08/2021 915.95116 TRA A01706454 24/08/2021 Book
    Perpustakaan Langkawi Pinjaman Dewasa 24/08/2021 915.95116 TRA A01706453 24/08/2021 Book
    Perpustakaan Merbok Pinjaman Dewasa 24/08/2021 915.95116 TRA A01706456 24/08/2021 Book